Đại cương về kỹ thuật in
Đã lưu trong:
| 主要作者: | |
|---|---|
| 格式: | 圖書 |
| 語言: | Undetermined |
| 出版: |
Hà Nội
Công Nhân Kĩ Thuật
1978
|
| 主題: | |
| 標簽: |
添加標簽
沒有標簽, 成為第一個標記此記錄!
|
| Thư viện lưu trữ: | Trung tâm Học liệu Trường Đại học Cần Thơ |
|---|
| LEADER | 00489nam a2200169Ia 4500 | ||
|---|---|---|---|
| 001 | CTU_11803 | ||
| 008 | 210402s9999 xx 000 0 und d | ||
| 082 | |a 686 | ||
| 082 | |b D513 | ||
| 100 | |a Đặng Dung | ||
| 245 | 0 | |a Đại cương về kỹ thuật in | |
| 245 | 0 | |c Đặng Dung | |
| 260 | |a Hà Nội | ||
| 260 | |b Công Nhân Kĩ Thuật | ||
| 260 | |c 1978 | ||
| 650 | |a graphic arts,printing, practical | ||
| 980 | |a Trung tâm Học liệu Trường Đại học Cần Thơ | ||